00887 a2200205 45000010006000000050017000060080041000230030015000640400040000790800072001192450050001912640037002413000019002785050290002971000015005877000019006027000020006217000021006417000019006624863020260407155751.0260407a1973 arg spa dAR-UNSa-BCEJYS aAR-UNSa-BCEJYSbspacAR-UNSa-BCEJYS a614.7xHigiene del aire, agua y suelo. Contaminación y su control10aEcología , Contaminación - Medio Ambiente 1aMéxico :bInteramericanac1973 a227 p.c22 cm. a1. Introducción a la ecología - 2. Medio ambiente agrícola - 3. Pesticidas - 4. Desechos radioactivos - 5. Contaminación del aire - 6. Contaminación del agua - 7. Desechos sólidos - 8. El crecimiento de las poblaciones humanas - 9. Contaminación térmica - 10. El ruido.1 aTurk, Amos1 aTurk, Jonathan1 aGerhard, Carlos1 aWittes, Janet T.1 aAelder, Ottenw